Report on the working of the income tax act, II of 1889, in Eastern Bengal and Assam during the year 1906 - 1907 / (Record no. 2115)
[ view plain ]
| 000 -LEADER | |
|---|---|
| fixed length control field | 00690nam a2200229Ia 4500 |
| 001 - CONTROL NUMBER | |
| control field | 2122 |
| 005 - DATE AND TIME OF LATEST TRANSACTION | |
| control field | 20240113233529.0 |
| 007 - PHYSICAL DESCRIPTION FIXED FIELD--GENERAL INFORMATION | |
| fixed length control field | ta |
| 008 - FIXED-LENGTH DATA ELEMENTS--GENERAL INFORMATION | |
| fixed length control field | 050221s1907 a g b000 u eng u |
| 040 ## - CATALOGING SOURCE | |
| Original cataloging agency | Ref. stack |
| 041 ## - LANGUAGE CODE | |
| Language code of text/sound track or separate title | eng |
| 082 ## - DEWEY DECIMAL CLASSIFICATION NUMBER | |
| Classification number | 343.05205 |
| Item number | Re 27 Re |
| 100 ## - MAIN ENTRY--PERSONAL NAME | |
| Personal name | Reid, W. J . |
| 245 #0 - TITLE STATEMENT | |
| Title | Report on the working of the income tax act, II of 1889, in Eastern Bengal and Assam during the year 1906 - 1907 / |
| Statement of responsibility, etc. | W. J. Reid. |
| Medium | Reports |
| 250 ## - EDITION STATEMENT | |
| Edition statement | 1st ed / |
| 260 ## - PUBLICATION, DISTRIBUTION, ETC. | |
| Place of publication, distribution, etc. | Shillong : |
| Name of publisher, distributor, etc. | Assam Secretariat , |
| Date of publication, distribution, etc. | 1907. |
| 300 ## - PHYSICAL DESCRIPTION | |
| Extent | 27p. : |
| Other physical details | ill ; |
| Dimensions | 32cm . |
| 653 ## - INDEX TERM--UNCONTROLLED | |
| Uncontrolled term | Report - income tax act - Eastern Bengal and Assam |
| 942 ## - ADDED ENTRY ELEMENTS (KOHA) | |
| Source of classification or shelving scheme | Dewey Decimal Classification |
| Koha item type | Books |
| Withdrawn status | Lost status | Damaged status | Not for loan | Collection | Home library | Current library | Date acquired | Coded location qualifier | Total checkouts | Full call number | Barcode | Date last seen | Copy number | Price effective from | Koha item type |
|---|---|---|---|---|---|---|---|---|---|---|---|---|---|---|---|
| Dr. Suryya Kumar Bhuyan Library | Dr. Suryya Kumar Bhuyan Library | 01/02/2012 | 00000 | 343.05205 Re 27 Re | 15/RR | 13/01/2024 | 1 | 01/02/2012 | Books |
